000 00967cam a2200289 a 4500
001 2109923
003 mut
005 20240606081007.0
008 970224s1997 inu b 000 0 eng
010 _a 96072039
020 _a0873674952
040 _aDLC
_cDLC
_dDLC
043 _an-us---
050 0 0 _aLA210
_b.H68 1997
082 0 0 _a370/.973
_221
245 0 0 _aHot buttons /
246 1 _iSubtitle on cover:
_aUnraveling 10 controversial issues in education
260 _aBloomington, Ind. :
_bPhi Delta Kappa Educational Foundation,
_cc1997.
300 _a268 p. ;
_c23 cm.
504 _aIncludes bibliographical references.
650 0 _aEducation
_zUnited States.
650 0 _aEducation
_xSocial aspects
_zUnited States.
700 1 _aWalling, Donovan R.,
_d1948-
906 _a7
_bcbc
_corignew
_d2
_eopcn
_f19
_gy-gencatlg
942 _2lcc
_cBK
999 _c5966
_d5966